লোডিং...

Calcium movement in excitable cells

গ্রন্থ-পঞ্জীর বিবরন
প্রধান লেখক: Baker,P F
অন্যান্য লেখক: Reuter,H
ভাষা:English
মালা:Pergamon studies in the life science
LEADER 00356nam a22001337a 4500
005 20151028162316.0
008 090905t xxu||||| |||| 00| 0 eng d
082 |a 574.88  |b L5 
100 |a Baker,P F  |9 20790 
245 |a Calcium movement in excitable cells 
490 |a Pergamon studies in the life science 
700 |a Reuter,H  |9 20789 
942 |c BK  |6 _ 
999 |c 79478  |d 79478